000 00855cam a2200253ra 4500
001 21045
003 BD-RjUL
005 20211209000636.0
008 140303r19481936enk 001 1 eng d
035 _a(BD-RjUL)21108
040 _aNZOC
_beng
_cNZOC
_dNZOC
_dBD-RjUL
041 _aeng
082 _a826.7
_bBYL 1948
100 1 _aByron, George Gordon Byron,
_d1788-1824.
_965032
245 1 4 _aThe letters of Lord Byron /
_cselected and edited by R. G. Howarth.
260 _aLondon :
_bDent,
_c1936[reprinted 1948]
300 _axxi, 393 p. :
_c18 cm.
504 _aIncludes indexes.
600 _dByron, George Gordon Byron, 1788-1824.
_965034
650 _a Poets, English
_xBiography.
_y19th century
_965035
700 1 _aHowarth, R. G.
_q(Robert Guy),
_d1906-1974
_962799
942 _2ddc
_cBK
999 _c21045
_d21045